000 00695nam a2200205Ii 4500
003 JO-AjNU
008 230605s9999||||xx |||||||||||||| ||und||
040 _aJO-AjNU
_bara
_erda
_cJO-AjNU
041 _aara
050 1 4 _aHM263 .A3532 1978
100 3 _a ظاهر، أحمد جمال ,
_eauthor
_939545
245 0 0 _aنظريات في العلاقات العامة
250 _aط1
264 3 1 _aجدة: دار الشروق، 1978
300 _a151ص
_bيحتوي على ببلوغرافية من 148-151ص
336 _atext
_btxt
_2rdacontent
337 _aunmediated
_bn
_2rdamedia
338 _avolume
_bnc
_2rdacarrier
650 4 _aالعلاقات العامة - فلسفة 
_939546
999 _aA16710
_c20278
_d20278